Theses on socialist education : (Record no. 63840)
[ view plain ]
| 000 -LEADER | |
|---|---|
| fixed length control field | 00821nam a2200229 a 4500 |
| 001 - CONTROL NUMBER | |
| control field | 63840 |
| 003 - CONTROL NUMBER IDENTIFIER | |
| rucl marc code | BD-RjUL |
| 005 - DATE AND TIME OF LATEST TRANSACTION | |
| control field | 20211209081235.0 |
| 008 - FIXED-LENGTH DATA ELEMENTS--GENERAL INFORMATION | |
| fixed length control field | 040217s1981 kn cf 000 0 eng |
| 035 ## - SYSTEM CONTROL NUMBER | |
| System control number | (BD-RjUL)63970 |
| 040 ## - CATALOGING SOURCE | |
| Original cataloging agency | DLC |
| Transcribing agency | DLC |
| Modifying agency | BD-RjUL |
| Language of cataloging | eng |
| 041 1# - LANGUAGE CODE | |
| Language code of text/sound track or separate title | eng |
| Language code of original | kor |
| 082 00 - DEWEY DECIMAL CLASSIFICATION NUMBER | |
| Classification number | 370.9519 |
| Edition number | 23 |
| Author mark and year | KIT 1981 |
| 100 1# - MAIN ENTRY--PERSONAL NAME | |
| Personal name | Kim, Il-sŏng, |
| Dates associated with a name | 1912-1994. |
| 9 (RLIN) | 189393 |
| 245 00 - TITLE STATEMENT | |
| Title | Theses on socialist education : |
| Remainder of title | published at the 14th Plenary Meeting of the Fifth Central Committee of the Worker's Party of Korea, September 5, 1977 / |
| Statement of responsibility, etc. | Kim Il Sung. |
| 260 ## - PUBLICATION, DISTRIBUTION, ETC. (IMPRINT) | |
| Place of publication, distribution, etc. | Pyongyang, Korea : |
| Name of publisher, distributor, etc. | Foreign Language Pub. House, |
| Date of publication, distribution, etc. | 1981. |
| 300 ## - PHYSICAL DESCRIPTION | |
| Pagination | 57 p. ; |
| Size | 19 cm. |
| 650 #0 - SUBJECT ADDED ENTRY--TOPICAL TERM | |
| Topical term or geographic name as entry element | Education |
| Geographic subdivision | Korea (North) |
| 9 (RLIN) | 189544 |
| Topical term or geographic name as entry element | Socialism and education |
| Geographic subdivision | Korea (North) |
| 9 (RLIN) | 189545 |
| 942 ## - ADDED ENTRY ELEMENTS (KOHA) | |
| Source of classification or shelving scheme | Dewey Decimal Classification |
| Koha item type | Books |
| Lost status | Source of classification or shelving scheme | Damaged status | Not for loan | Collection code | Permanent Location | Current Location | Shelving location | Date acquired | Source of acquisition | Total Checkouts | Full call number | Date last seen | Copy number | Koha item type |
|---|---|---|---|---|---|---|---|---|---|---|---|---|---|---|
| Dewey Decimal Classification | Not For Loan | Non-fiction | Central Library, University of Rajshahi | Central Library, University of Rajshahi | Reading Room | 09/10/1988 | kim ul sung | 370.9519 KIT 1981 | 04/02/2017 | C-1 | Books |